Remote sensing (Record no. 56048)

MARC details
000 -LEADER
fixed length control field 00477nam a2200133 a 4500
008 - FIXED-LENGTH DATA ELEMENTS--GENERAL INFORMATION
fixed length control field 120416s1978 ||||||||||||||||| || u
050 ## - LIBRARY OF CONGRESS CALL NUMBER
Classification number G 70.4 Sab
100 ## - MAIN ENTRY--PERSONAL NAME
Personal name Sabino, Floyd F
245 10 - TITLE STATEMENT
Title Remote sensing
246 ## - VARYING FORM OF TITLE
Title proper/short title principles and interpretation
260 ## - PUBLICATION, DISTRIBUTION, ETC.
Place of publication, distribution, etc. San Francisco
Name of publisher, distributor, etc. W.H. Freeman
Date of publication, distribution, etc. 1978
350 ## - PRICE (NR) (BK AM CF MU VM SE) [OBSOLETE]
Price 0.00
995 ## - RECOMMENDATION 995 [LOCAL, UNIMARC FRANCE]
-- 0.00
-- CBU-MAIN LIBRARY (Kitwe)
-- 1
-- 19.70
-- 1
-- AVAILABLE
-- Main Library Open Access Collection
Holdings
Withdrawn status Lost status Source of classification or shelving scheme Damaged status Not for loan Home library Current library Shelving location Date acquired Total Checkouts Full call number Barcode Date last seen Price effective from Koha item type
          CBU-MAIN LIBRARY, KITWE. CBU-MAIN LIBRARY, KITWE.   11/30/2022   G 70.4 Sab 001208 11/30/2022 11/30/2022 MONOGRAPH